| 000 | 00567nam a2200193Ia 4500 | ||
|---|---|---|---|
| 003 | GCL | ||
| 008 | 140319s9999 xx 000 0 ara d | ||
| 040 |
_aGCL / _cGCL |
||
| 082 | 0 | 4 |
_a891.7 _bا د |
| 100 | 1 | _aايتماتوف، جنكيز | |
| 245 | 1 | 0 |
_aقصص مختارة (هدية من الاديب عبدالفتاح الجمل) / _cايتماتوف، جنكيز |
| 700 | 1 | _aدار التقدم | |
| 300 | _a544 ص | ||
| 490 | _a | ||
| 650 | 0 | 4 | _aالادب الشعبى |
| 650 | 0 | 4 | _aالقصص |
| 650 | 0 | 4 | _aالادب السوفيتى |
| 942 |
_2ddc _cBK |
||
| 999 |
_c39583 _d39583 |
||